00665nam a22001937a 4500008004100000020001800041020001500059050002300074100001800097245010400115250001200219260005100231300002300282500002000305650005000325650002600375650004200401700002800443161010b xxu||||| |||| 00| 0 eng d a9781559341738 a1559341734 aGV 343.5 .R35 1993 aRailey,Jim H. aManaging physical education, fitness and sports programs/cJim H. Railey and Peggy Railey Tschauner a2nd ed. aLondon :bMayfield Publishing Company, cc1993 ax, 340p. :bill. ; aIncludes index. aPhysical education and trainingxAdmistration aRecreation leadership aSportsxOrganisation and admistration aTschauner, Peggy Railey